Candy Wrappers Close-Up Quiz Stats

 Plays Quiz Updated Aug 28, 2018

Also try: Candy!!!
Challenge
Share
Tweet
Score 0/25 Timer 03:00
0 Plays Today
Letter Candy % Correct
CSnickers
93.8%
KKit Kat
92.8%
HHershey Bar
90.2%
FButterfinger
90.2%
XTwix
88.2%
MMilky Way
88.1%
RReese's
86.6%
EPez
86.1%
YYork Peppermint Patty
81.7%
DDots
81.6%
BBaby Ruth
81.5%
PPayDay
72.5%
JJunior Mints
68.6%
Letter Candy % Correct
S3 Musketeers
66%
AHeath
65.9%
OAlmond Joy
62.5%
NMounds
61.9%
G100 Grand
59.9%
UCrunch
58.2%
IMilk Duds
56.5%
WCharleston Chew
45.7%
LClark
34.1%
TTake 5
30%
ZZagnut
19.1%
V5th Avenue
18.9%

You're not logged in!

Compare scores with friends on all Sporcle quizzes.
Join for Free
OR
Log In

You Might Also Like...

Show Comments

Extras

Top Quizzes Today


Score Distribution

Your Account Isn't Verified!

In order to create a playlist on Sporcle, you need to verify the email address you used during registration. Go to your Sporcle Settings to finish the process.

Report this User

Report this user for behavior that violates our Community Guidelines.

Details: